| 000 | 00825nam a22002177a 4500 | ||
|---|---|---|---|
| 999 |
_c5390 _d5390 |
||
| 003 | AR-CdUCM | ||
| 008 | 190312b ||||| |||| 00| 0 spa d | ||
| 040 |
_aMUNICIPALIDAD PROVINCIAL DEL CUSCO _cBIBLIOTECA MUNICIPAL DEL CUSCO |
||
| 082 |
_a940.1 / _bK22 |
||
| 110 |
_aEquipo didactico de editorial Kapélusz _916248 |
||
| 245 | _aEdad Media / | ||
| 260 |
_aBuenos Aires : _bKapélusz , _c1970. |
||
| 300 |
_a99 páginas ; _c23.5 cm. |
||
| 505 | _aContenido : Recordemos -- Pueblos Germanos -- El comienzo de la Edad Media -- El Imperio Bizantono -- Los Árabes -- Carlomagno -- Las Nuevas Invasiones -- El Feudalismo -- Las Cruzadas... | ||
| 650 |
_aLos Pueblos Germanos _916249 |
||
| 650 |
_aLas Cruzadas _916250 |
||
| 650 |
_aLas Escuelas _916251 |
||
| 650 |
_aCarlomagno _916252 |
||
| 942 |
_2ddc _cLIBROS |
||
| 945 | _artm | ||